• 首页
  • 本馆介绍
  • 公告通知
  • 最新文献
  • 馆藏检索
  • 电子资源
  • 读者导购
  • 参考咨询
  • 我的图书馆
  • 登录
  • 详细信息显示
  • 放入我的书架
  • 预约/预借图书
  • 作者相关作品
  • 分类相关作品
  • 丛书相关作品
  • 出版社相关作品

书目信息

  • 表格格式
  • 工作单格式
  • 卡片格式
题名:
墨经分类译注
    
 
作者: 谭戒甫 , 谭戒甫 著
分册:  
出版信息: 北京   中华书局  1981
页数: 205页
开本: 21cm
丛书名:
单 册:
中图分类: B224.2
科图分类:
主题词: 墨家
电子资源:
ISBN:
000 00698nam0 2200265 45
001 0181004485
005 20040428160312.8
010    @dCNY0.76
091    @a2018.170
100    @a19950621d1981 em y0chiy0121 ea
101 0  @achi
102    @aCN@b110000
105    @ay z 000yy
106    @ar
200 10 @a墨经分类译注@Amo jing fen lei yi zhu@f谭戒甫编著@FTan Jie Fu Bian Zhu
210    @a北京@c中华书局@d1981
215    @a205页@d21cm
605    @a墨子@x注释
606    @a墨家
690    @aB224.2@v3
701  0 @a谭戒甫@Atan jie fu@4著
701  0 @a谭戒甫@4编著
801  0 @aCN@b上海图书馆@c20040428
801  2 @aCN@bNLC@c20040428
905    @f4@b122168-171@dB224.2@e6@b61756-757@f2
    
    墨经分类译注/谭戒甫编著.-北京:中华书局,1981
    205页;21cm
    
    
    ISBN :CNY0.76
    
●
相关链接 在E读中查询图书 在五车中查询图书 在当当中查询图书 在豆瓣中查询图书


正题名:墨经分类译注     索取号:B224.2/6         预约/预借

序号 登录号 条形码 馆藏地/架位号 状态 备注
1 0061756   000506367   密集书库/ [索取号:B224.2/6] 在馆    
2 0061757   000506376   密集书库/ [索取号:B224.2/6] 在馆    
3 0122168   000527932   密集书库/ [索取号:B224.2/6] 在馆    
4 0122169   000506401   密集书库/ [索取号:B224.2/6] 在馆    
5 0122170   000506385   第一借阅区/ [索取号:B224.2/6] 在馆    
6 0122171   000527978   第一样本阅览室/ [索取号:B224.2/6] 在馆    
7 0122172   001765147   密集书库/ [索取号:B224.2/6] 在馆    
唐山师范学院图书馆 欢迎您!
大连网信软件有限公司© 版权所有